| 000 | 00366nam a2200133Ia 4500 | ||
|---|---|---|---|
| 008 | 220217s9999 xx 000 0 und d | ||
| 245 | 0 | _aSpecification for water suction hose of rubber, light duty | |
| 260 | _aNew Delhi | ||
| 260 |
_c1963 _bISI |
||
| 490 | _aHoses Subcommitte, CDC 6;3 | ||
| 500 | _aStandard number: IS 2482 | ||
| 650 | _aRubber hose | ||
| 942 | _cST | ||
| 999 |
_c73627 _d73627 |
||